000 00722aam a2200241 a 4500
008
020 _a0140512322 (pbk.)
049 _aMAIN
090 _aREF QD5
245 0 4 _aThe Penguin dictionary of chemistry /
_c[edited by ]D.W.A. Sharp.
250 _a2nd ed.
260 _aLondon :
_bPenguin Books ,
_cc1990.
300 _a434 p. :
_bill. ;
_c20 cm.
440 0 _aPenguin reference books
500 _aRev. and abridged ed. of: Miall's dictionary of chemistry. 1981.
650 0 _aChemistry
_xDictionaries.
653 0 _aChemistry
907 _a.b10006448
_b19-01-07
_c17-04-03
003
005 20230120191406.0
040 _cNUST
942 _cBOOKS
_kREF QD5
999 _c100314
_d100314